000 00738cam a22002653a 4500
001 24440
003 PGUSA
005 20140828083524.0
008 080128s2008||||xxu|||||s|||||000 | eng d
040 _aPGUSA
_beng
042 _adc
050 4 _aRD
050 4 _aQM
100 1 _aMaclise, Joseph
245 1 0 _aSurgical Anatomy
_h[electronic resource] /
_cJoseph Maclise
260 _bProject Gutenberg,
_c2008
506 _aPublic domain in the USA.
516 _aElectronic text
653 _aSurgery, Operative -- Atlases
653 _aAnatomy, Surgical and topographical -- Atlases
653 _aSurgery -- Atlases
830 0 _aProject Gutenberg
_v24440
856 4 0 _uhttp://www.gutenberg.org/ebooks/24440
942 _cEB
999 _c253695
_d253695